00533nam a22001697a 450000500170000001000150001702000260003203500140005803700130007208200140008524500580009925000110015726000420016827001060021030000210031670000260033720230504133629.0 aENG-136765 a9789388398688c550.00 aEN-120297 bDBAD/PUB a343.09944 aImplications Of Internet Marketing/cBy P.S Nagarajan aFirst  aTamil NadubShanlax Publicationc2019 a61,66 T.P.K Main Road, Vasantha Nagar MaduraibTamil Nadue625003mpublishers@shanlaxpublications.com a219p.;c23m(pbk) aNagarajan,P.SeEditor